[Event "FRA-chT3 Gr06 0607"]
[Site "France"]
[Date "2007.02.11"]
[Round "6.5"]
[White "Lourdel, Dimitri"]
[Black "Le Gall, Tristan"]
[Result "1/2-1/2"]
[WhiteElo "1810"]
[BlackElo "1820"]
[PlyCount "90"]
[EventDate "2006.10.15"]
[EventType "team"]
[EventRounds "9"]
[EventCountry "FRA"]
[SourceTitle "EXT 2008"]
[Source "ChessBase"]
[SourceDate "2007.11.25"]
[SourceVersion "1"]
[SourceVersionDate "2007.11.25"]
[SourceQuality "1"]
[WhiteTeam "St Hilaire Petitville"]
[BlackTeam "Lesneven"]
[WhiteTeamCountry "FRA"]
[BlackTeamCountry "FRA"]

1. e4 e6 2. d4 d5 3. e5 c5 4. c3 Nc6 5. Nf3 cxd4 6. cxd4 Qb6 7. Bd3 Bd7 8. Nc3 Nxd4 9. Nxd4 Qxd4 10. 0-0 Ne7 11. Qe2 a6 12. a3 Ng6 13. Re1 Nf4 14. Bxf4 Qxf4 15. g3 Qg5 16. f4 Bc5+ 17. Kg2 Qe7 18. f5 Bc6 19. Rf1 g6 20. fxg6 hxg6 21. Rf6 Kd7 22. Raf1 Raf8 23. b4 Bd4 24. b5 Bxc3 25. bxc6+ bxc6 26. Bxa6 Rh5 27. Bb7 Rxe5 28. Qa6 Qc5 29. Rxf7+ Rxf7 30. Rxf7+ Kd6 31. Qa8 Re2+ 32. Kh3 Ke5 33. Qb8+ Kd4 34. Qf4+ Re4 35. Qf2+ Re3 36. Qf4+ Kd3 37. Ba6+ Kc2 38. Qa4+ Kc1 39. Rf1+ Re1 40. Qf4+ Kb2 41. Rf2+ Kxa3 42. Rf3 d4 43. Qd2 Qh5+ 44. Kg2 Rg1+ 45. Kxg1 Qxf3 1/2-1/2